Военный совет Юго-Западного направления: С. К. Тимошенко, Н. С. Хрущев, И. Х. Баграмян (слева направо)

RUSMARC
00004212ckm0a2200277#x 450
00120fd7e15-db0a-4de4-8dd2-fa8f8444d621
00520250526114443.0
100##$a20221226j194111##k###0rusy50 ca
1010#$arus
102##$aRU
116##$afiybxx####zz####zz
1220#$ad194111####
2001#$aВоенный совет Юго-Западного направления: С. К. Тимошенко, Н. С. Хрущев, И. Х. Баграмян (слева направо)
$jНоябрь 1941 г.
251##$cДокумент
300##$aФотография
461#0$12001
$aФ. 397
$1251
$cФонд
$1852
$j397
462#0$12001
$aОп. 3
$1251
$cОпись
$1852
$j3
605##$2prlib_sh
$3LIBNET\UAF\0000088514
$aВторая мировая война в архивных документах (Комплекс оцифрованных архивных документов, кино- и фотоматериалов)
$lколлекция
605##$aРоссия в лицах
$lколлекция
$2DITM\AF\0000004166
$3acquisition_Prlib
6061#$2nlr_sh
$3RU\NLR\AUTH\66111865
$aВеликая Отечественная война
$z1941 - 1945
$xПартизанское движение
$jФотографии
608##$2prlib_sh
$3LIBNET\UAF\0000093096
$aДокументальные фотографии
$z1941
686##$a63.3(2)622,5я611
$vLBC/M
$2rubbk
801#0$aRU
$bПБ им. Б.Н. Ельцина
$c20221226
801#1$aRU
$bПБ им. Б.Н. Ельцина
$c20221226
$2rusmarc
801#2$aRU
$bПБ им. Б.Н. Ельцина
$c20221229
$2rusmarc
850##$aРоссийский государственный архив социально-политической истории
852##$aРГАСПИ
$jД. 32
035##$aLIBNET\0001299507
937##$d181836892
$hФедеральное архивное агентство
8564#$uhttp://readingroom.main.prlib.ru/item.aspx?id_node=n181836892&mode=full
Формат отображения